[Event "World Junior U20 Open 2018"]
[Site "Gebze"]
[Date "2018.09.07"]
[Round "3.29"]
[White "Suleymenov, Alisher"]
[Black "Lobanov, Sergei"]
[Result "1/2-1/2"]
[WhiteElo "2307"]
[BlackElo "2535"]
[Annotator "TA"]
[PlyCount "121"]
[EventDate "2018.09.05"]
[EventType "swiss"]
[EventCountry "TUR"]
[SourceTitle "playchess.com"]
[Source "ChessBase"]
[SourceQuality "1"]

{[%evp 27,121,0,0,-4,-8,-4,-12,-7,-6,-8,0,0,0,-4,0,0,0,-21,-19,-14,-10,-10,-12,-25,-18,-17,-12,-29,0,0,10,6,40,37,64,62,61,62,66,61,76,69,85,59,82,58,66,66,68,64,59,57,50,56,94,89,104,103,112,118,131,125,131,126,126,125,133,94,94,94,94,94,94,94,94,94,94,89,89,76,76,73,73,73,73,70,76,70,76,70,70,70,70,47,76,70]} 1. d4 Nf6 2. c4 e6 3. g3 d5 4. Nf3 dxc4 5. Bg2 c5 6. O-O Nc6 7. dxc5 Qxd1 8. Rxd1 Bxc5 9. Nbd2 c3 10. bxc3 O-O {E04: Open Catalan: 5 Nf3} 11. Ne1 Rd8 12. Nd3 Be7 13. Rb1 Nd5 14. Bb2 Bd7 {LiveBook: 6 Games} 15. Ba1 b6 16. c4 Nf6 {[#]} 17. c5 $146 ({Predecessor:} 17. Nb3 Be8 18. c5 {1-0 (34) Rodshtein,M (2687)-Najer,E (2677) Czech Republic 2017}) 17... bxc5 18. Rbc1 Rab8 19. Nxc5 Be8 20. Ndb3 Rxd1+ 21. Rxd1 Nb4 22. a3 Na6 23. Nb7 Ba4 ({But not} 23... Bxa3 $2 24. Bxf6 gxf6 25. Ra1 $18) 24. Rb1 Nd5 25. N3a5 Rc8 26. Bxd5 exd5 27. Bd4 Ra8 28. Rc1 Kf8 29. Rc3 Bb5 30. Nc6 Rc8 31. Nxe7 Rxc3 32. Bxc3 {[#] Nf5 is the strong threat.} Kxe7 $14 {[%mdl 4096] Endgame KBN-KBN} 33. Kf1 Nc7 34. Bxg7 Ne6 35. Bb2 (35. Be5 {is more complex.} Bc6 36. Na5 Ba4 37. Ke1 a6 38. Kd2) 35... Kd7 36. Ke1 Kc7 37. Na5 Ba4 38. Kd2 Kb6 39. Bc3 f5 40. Bb4 h5 41. Kc3 Bd1 42. e3 Kc7 43. h4 Be2 44. Nb3 Kd7 45. Nc1 Bb5 46. Nd3 Kc7 47. Nc5 Nxc5 48. Bxc5 $16 {KB-KB} a6 49. Kd4 Kc6 50. Bb4 Bf1 51. Ke5 Bh3 52. f3 Bg2 53. Kf4 Kd7 54. g4 (54. Bc3 {is interesting.} Ke6 55. Bg7 Kd6 56. Bd4 Kc6 57. Be5) 54... fxg4 55. fxg4 hxg4 56. Kxg4 Ke6 57. Kg5 Kf7 58. h5 Be4 59. Bc3 Bd3 60. Kf4 Ke6 61. Bd4 {Precision: White = 65%, Black = 58%.} 1/2-1/2

[Event "World Junior U20 Open 2018"]
[Site "Gebze"]
[Date "2018.09.07"]
[Round "3.30"]
[White "Jogstad, Martin"]
[Black "Sanal, Vahap"]
[Result "1-0"]
[WhiteElo "2305"]
[BlackElo "2502"]
[Annotator "TA RC"]
[PlyCount "79"]
[EventDate "2018.09.05"]
[EventType "swiss"]
[EventCountry "TUR"]
[SourceTitle "playchess.com"]
[Source "ChessBase"]
[SourceQuality "1"]

{[%evp 25,79,50,60,61,62,40,69,32,54,41,52,21,58,35,79,95,85,88,95,100,175,131,132,129,128,128,127,125,125,121,134,136,171,177,238,245,368,345,408,404,621,618,653,638,600,528,536,536,688,537,688,688,806,804,794,626]} 1. d4 d6 2. Nf3 Nf6 3. c4 g6 4. Nc3 Bf5 5. e3 Bg7 6. Bd3 Bxd3 7. Qxd3 O-O 8. O-O c5 9. d5 a6 10. e4 b5 11. cxb5 axb5 12. Qxb5 Na6 {[%cal Bb8a6,Ba6b4,Bb4c2][%mdl 32]} 13. Qe2 Nd7 14. Bg5 {E91: Königsindisch (Klassisches System)} (14. Bf4 Qb6 15. e5 dxe5 16. Nxe5 Nxe5 17. Bxe5 Bxe5 18. Qxe5 Ra7 19. Ne4 f6 20. Qc3 Rb8 21. b3 Qb4 22. Qc2 {1-0 (39) Turov,M (2595)-Kolasinski,K (2052) Teplice 2017}) 14... Re8 15. Nd2 $146 ({Vorgänger:} 15. a4 Qa5 16. Nb5 Rac8 17. Bd2 Nb4 18. Bc3 Nf6 19. Nd2 Qa6 20. Nc4 Red8 21. Rfd1 Ne8 {1-0 (33) Flear,G (2462)-Bhatia,K (2036) Daventry 2014}) 15... Qb8 16. Rab1 {Weiß steht etwas besser.} Nb4 17. a3 Nc2 $1 18. Nb5 h6 19. Bf4 Ra5 20. Nc4 $36 {[%mdl 2048] Läuft bei Weiss.} Rxb5 21. Qxc2 Nb6 22. b3 Qc7 (22... Nxc4 $16 23. Qxc4 (23. bxc4 Rxb1 24. Rxb1 Qa7 $16) 23... Rb6) 23. Bd2 Rb8 24. Ba5 Rxa5 25. Nxa5 {Droht stark Sc6.} Nxd5 26. exd5 Qxa5 27. Rfe1 Bf6 28. Re4 Qa8 29. Qd3 Kg7 (29... Bd4 $142) 30. b4 $18 cxb4 (30... Bd4 $142 31. Rxe7 Qxd5) 31. axb4 Qb7 32. b5 {[%cal Bb4b5,Bb5b6][%mdl 32]} Ra8 (32... Qa7 $142 33. Reb4 Rb6) 33. b6 {Weiß steht klar auf Gewinn.} Ra5 34. Reb4 Rc5 35. Rb5 Rc3 36. Qd1 h5 37. h3 h4 38. Ra5 Rc4 39. Ra7 Qb8 40. b7 {Precision: Weiß = 71%, Schwarz = 33%.} 1-0

[Event "World Junior U20 Open 2018"]
[Site "Gebze"]
[Date "2018.09.07"]
[Round "3.31"]
[White "Tifferet, Shaked"]
[Black "Thybo, Jesper Sondergaard"]
[Result "0-1"]
[WhiteElo "2299"]
[BlackElo "2499"]
[Annotator "TA"]
[PlyCount "110"]
[EventDate "2018.09.05"]
[EventType "swiss"]
[EventCountry "TUR"]
[SourceTitle "playchess.com"]
[Source "ChessBase"]
[SourceQuality "1"]

{[%evp 29,110,60,64,50,54,26,37,17,35,23,32,18,44,5,22,0,38,0,9,0,0,-2,22,18,39,55,74,93,82,0,0,-12,-28,-20,0,0,129,143,118,51,114,9,0,-312,0,0,0,0,56,35,81,85,41,71,176,185,191,-213,-206,-331,-330,-288,-247,-371,-352,-357,-360,-539,-461,-585,-583,-578,-577,-1193,-550,-550,-541,-5485,-2039,-1775,-1648,-29993,-29994]} 1. Nf3 Nf6 2. c4 c5 3. Nc3 b6 4. e4 d6 5. d4 cxd4 6. Nxd4 Bb7 7. f3 e6 8. Be3 Be7 9. Be2 O-O 10. O-O a6 11. Rc1 Nbd7 12. Qe1 Qc7 13. Qf2 Rfc8 {A31: Symmetrical English: 2 Nf3 Nf6 3 d4} 14. Rfd1 Qd8 $146 ({Predecessor:} 14... Rab8 15. Bf1 Bf8 16. a3 Ba8 17. Kh1 Qa7 18. b4 Ne5 19. Qa2 Rb7 20. c5 bxc5 21. Nxe6 Rcb8 22. Nxf8 Kxf8 23. Rxd6 {1-0 (23) Hrivnak,V (2370)-Ashby,A Cappelle-la-Grande 1988}) 15. Bf1 Rab8 {LiveBook: 3 Games. White is slightly better.} 16. a3 Qe8 17. b4 Ne5 18. Qa2 Ba8 19. Kh1 Rc7 20. Qb3 Bf8 21. Bg5 Be7 22. Be3 Bf8 23. Bg5 Nfd7 24. Bf4 Rbc8 25. Na4 g6 26. h3 Bg7 27. Be3 Qe7 28. f4 Nc6 29. Nxc6 (29. Ne2 $16) 29... Rxc6 $11 30. Qb1 Qh4 31. Kh2 Nf6 32. Be2 R6c7 (32... e5 $11 {keeps the balance.}) 33. g3 $16 Qh6 34. Qb3 (34. e5 $1 $16 {[%cal Re5f6]} dxe5 35. Nxb6) 34... b5 (34... Nxe4 $2 35. Nxb6 Bb7 36. Nxc8 $18) (34... Bxe4 $14 35. Nxb6 Bf5 $1 {[%mdl 512]}) 35. cxb5 (35. Nb6 $16 bxc4 36. Qa4) 35... Rxc1 $1 $11 (35... Bxe4 $2 36. Rxc7 Rxc7 37. b6 $18) 36. Bxc1 $4 {[%mdl 8192]} (36. Rxc1 $11 {and White is okay.} Rxc1 37. Bxc1 axb5 38. Nc3) 36... Bxe4 $2 (36... Nxe4 $19 37. b6 Nf2) 37. bxa6 {aiming for a7.} Bc2 $1 {[%cal Rc2b3]} (37... Rc2 $2 38. Bd2 $18) 38. Qf3 $1 {[%cal Rf3b7]} Bxa4 (38... Bxd1 $11 39. Bxd1 Rxc1) 39. Qb7 $1 $14 {[%cal Rb7c8]} Rc2 40. Rd2 Rxc1 41. a7 Nd5 (41... Bf8 $16 42. a8=Q Bb3) 42. a8=Q+ $18 Bf8 {...Rh1+! is the strong threat.} 43. Rxd5 $4 {[%mdl 8192] [#]} ({Worse is} 43. Qxa4 Rh1+ 44. Kxh1 Qxh3+ 45. Kg1 Qxg3+ 46. Kh1 Qe1+ 47. Kh2 Qxd2 $11) (43. Bf3 $18 Bc6 44. Qxc6 (44. Bxd5 $2 Bxd5 45. Qxd5 exd5 $19) 44... Rxc6 45. Qxc6 Nxf4 46. h4) 43... Rc2 $1 $40 {[%cal Rc2e2][%mdl 128] Black wants a kill.} 44. Qba6 (44. h4 $142 Rxe2+ 45. Kh3 exd5 46. Qxa4) 44... exd5 45. Qxd5 Bd7 46. Qg2 {[#]} (46. h4 {is a better defense.} Bg4 47. Kg1 Rxe2 48. Qad3) 46... Qg7 $1 47. Qd3 Qb2 48. Qgf3 (48. f5 $142 Bc6 49. Qxc2 (49. Qf1 $2 Rc1 $19) 49... Qxc2 50. Bf3 Qxg2+ 51. Kxg2) 48... Bc6 49. Qf2 ({Much weaker is} 49. Qf1 Rc1 $19) 49... Bg7 50. g4 {[#]} Bd5 $1 {[%mdl 512]} 51. Kg1 {White hopes to continue with Qfe3.} (51. Qxd5 Rxe2) 51... Bc4 (51... Rd2 $142 52. Qfe3 Rxd3 53. Qxd3 Qc1+ 54. Bf1 Qxf4 55. Qxd5 Bd4+ 56. Qxd4 Qxd4+ 57. Kh1 Qa1) 52. Qxc2 Qxc2 53. Bf3 Qc1+ (53... Qc3 $142 54. Kh2 Bd4) 54. Kg2 Qxf4 {White must now prevent ...Be5.} 55. Qb6 Be5 {Precision: White = 31%, Black = 61%.} 0-1

[Event "World Junior U20 Open 2018"]
[Site "Gebze"]
[Date "2018.09.07"]
[Round "3.32"]
[White "Priasmoro, Novendra"]
[Black "Ozenir, Ekin Baris"]
[Result "1-0"]
[WhiteElo "2498"]
[BlackElo "2303"]
[Annotator "TA"]
[PlyCount "257"]
[EventDate "2018.09.05"]
[EventType "swiss"]
[EventCountry "TUR"]
[SourceTitle "playchess.com"]
[Source "ChessBase"]
[SourceQuality "1"]

{[%evp 11,257,37,44,44,68,35,81,66,72,70,78,47,61,55,70,59,68,66,74,86,99,108,93,81,102,86,134,126,178,135,122,86,90,80,102,94,100,92,83,91,151,0,0,-56,-73,-62,-69,-78,0,0,0,0,0,0,33,30,64,65,139,139,139,139,141,0,0,0,161,34,162,155,267,0,241,241,241,241,241,241,235,223,410,241,389,389,396,396,396,179,179,179,181,144,241,241,241,241,241,195,149,8,123,0,0,0,0,0,0,0,0,0,0,0,0,0,0,0,0,0,0,0,0,0,0,0,0,-352,0,0,0,0,0,0,0,0,0,0,0,0,0,0,0,0,29965,0,0,0,0,0,0,0,0,0,0,0,0,0,0,0,0,0,0,0,0,0,0,0,0,-198,-168,-418,0,0,0,0,0,0,0,0,0,0,0,0,0,0,0,0,0,0,7,0,0,0,0,0,0,0,0,0,0,0,0,0,8,0,0,0,8,0,0,0,0,0,99,85,200,124,110,118,266,253,343,281,1295,1523,29952,587,29956,29956,29959,29959,29961,29961,4133,718,649,529,29969,29970,29977,29978,29978,29979,29980,29979,29989,29990,29990,29991]} 1. e4 Nc6 2. d4 d5 3. e5 Bf5 4. c3 f6 5. f4 Nh6 6. Nf3 {B00: Queen's Fianchetto Defence, Nimzowitsch Defence} e6 {LiveBook: 4 Games} 7. Bd3 (7. Be3 Be7 8. Nbd2 O-O 9. Bb5 Ng4 10. Qe2 fxe5 11. fxe5 Nxe3 12. Qxe3 Qe8 {1-0 (45) Frolov,A (2405)-Shkuro,I (2566) Omelnyk 2017}) 7... Be4 8. Qe2 {White is slightly better.} f5 9. Be3 Nf7 $146 ({Predecessor:} 9... Qd7 10. Nbd2 O-O-O 11. O-O Be7 {1-0 (35) Zupancic,J (2031)-Gantar,J (2019) Rogaska Slatina 2009}) 10. Nbd2 Be7 11. O-O-O Qd7 12. h3 a6 13. g4 Na5 14. Kb1 b5 15. Rhg1 {aiming for gxf5.} Rg8 16. Ne1 g6 17. Nc2 Nd8 18. Rdf1 Rf8 19. h4 Rb8 (19... Nc4 $16 20. h5 (20. Nxc4 Bxd3 21. Nd6+ cxd6 $16) (20. Bxc4 Bxc2+ 21. Kxc2 bxc4 $16) 20... Nxd2+ 21. Bxd2 (21. Qxd2 Nc6 $16) 21... Nc6) 20. a3 Nc4 21. h5 (21. Nxc4 bxc4 22. Bxe4 fxe4 $14) (21. Bxc4 Bxc2+ 22. Kxc2 bxc4 $15) 21... Bxd3 22. Qxd3 a5 23. hxg6 hxg6 24. gxf5 gxf5 25. Rg7 Qc6 (25... Rf7 $142 26. Rfg1 Rxg7 27. Rxg7 Qc6) 26. b4 $2 (26. Rh1 $1 $16 {[%cal Rh1h7]} b4 27. cxb4 axb4 28. axb4) 26... Ra8 27. Nb3 (27. Nf3 $11) 27... axb4 $15 28. axb4 Qa6 29. Nc1 $1 Nc6 (29... Rh8 $1 $17 {[%cal Rh8h3]} 30. Qe2 Bf8) 30. Rh1 $11 Kd8 31. Rhh7 Re8 32. Bf2 Ra7 33. Be1 Kc8 34. Qg3 $1 {[%cal Rg3g6]} Kb8 (34... Na3+ $14 35. Nxa3 Qxa3) 35. Qg6 $16 Qc8 36. Nb3 Bf8 37. Rf7 ({Only move:} 37. Rd7 $16) 37... Qa6 $11 38. Nc1 $36 {[%mdl 2048] White fights for an advantage.} Qc8 $2 (38... Ne7 $2 39. Qg5 $18) (38... Na3+ $1 $11 39. Nxa3 Qxa3) 39. Rh8 (39. Qf6 $1 $18 Ra8 40. Nd3 (40. Rxc7 Qxc7 41. Rxc7 Kxc7 $16)) 39... Ra8 (39... Kb7 $1 $14) 40. Nb3 Kb7 (40... Na3+ $16 41. Nxa3 Rxa3) 41. Bh4 $2 ({White should try} 41. Rhh7 $18) 41... Kb6 $2 (41... Na3+ $1 $11 42. Nxa3 Rxa3 43. Nc5+ Kb6 44. Nd7+ Kb7 45. Nc5+ (45. Nxf8 $2 Qa8 $19) 45... Kb6 46. Nd7+ Kb7 47. Nc5+ (47. Nxf8 $2 Qa8 $19)) 42. Nc5 $18 Bxc5 43. dxc5+ Ka6 (43... Kb7 $2 44. Rhh7 $18) 44. Rxe8 Qxe8 45. Qh7 $1 Ra7 $2 (45... Qh8 46. Rxc7 Qxh7 47. Rxh7 Rg8) 46. Rxc7 (46. Rg7 $142 Ra8 47. Rxc7) 46... Qa8 (46... Rxc7 $142 47. Qxc7 Na7) 47. Rxa7+ Qxa7 48. Qg8 Qd7 49. Nd4 (49. Qa8+ $142 Na7 50. Bf2) 49... Nxd4 50. cxd4 Kb7 51. Bd8 Kc6 (51... Nd2+ $16 52. Kc2 Nc4) 52. Kc2 Kb7 53. Kd3 Kc6 54. Ke2 Kb7 55. Kf3 ({Better is} 55. Bf6 $16) 55... Nd2+ (55... Na3 $1 $11) 56. Kg3 (56. Ke3 $16 Nc4+ 57. Ke2) 56... Nb3 $11 57. c6+ Kxc6 58. Qf8 Kb7 59. Ba5 Qc6 60. Qe7+ Kb8 61. Qd8+ Kb7 62. Qe7+ Kb8 63. Qf8+ Kb7 64. Qe7+ Kb8 65. Qf8+ Kb7 66. Qf7+ Ka6 67. Bc7 Nxd4 (67... Qc3+ $2 68. Kh4 $16) 68. Bd6 $2 {[%mdl 8192]} (68. Bb8 $11 Qb7 69. Qg8) 68... Qc3+ $2 (68... Qc1 $1 $19 {[%cal Rc1g1]} 69. Kh4 Qxf4+ 70. Kh5 Nf3) 69. Kh4 Qf3 {[%csl Gf5][%cal Rf3g4]} 70. Kg5 Qg4+ 71. Kf6 Qh4+ (71... Qxf4 $2 72. Qg8 $18) 72. Kg7 {Threatening mate with Qc7.} Qxf4 73. Qc7 Qg5+ 74. Kf8 Qh6+ 75. Ke8 Qg6+ 76. Kd7 Qg8 $2 {[%mdl 8192]} (76... Qf7+ $11 77. Be7 Qg8) 77. Bc5 $2 (77. Qc5 {mates} Nb3 78. Qc6+ Ka7 79. Bc7 Qg7+ 80. Kc8 Qh8+ 81. Bd8 Qxd8+ 82. Kxd8 d4 83. Qc7+ Ka6 84. Kc8 f4 85. Qb7#) 77... Qf7+ 78. Be7 {White threatens Qc3 and mate.} Qg8 79. Qc5 Kb7 $1 80. Qc7+ Ka6 $1 81. Qa5+ Kb7 82. Qc7+ Ka6 $1 83. Kd6 Qa8 84. Qa5+ Kb7 {( -> ...Qb8+)} 85. Qc7+ Ka6 86. Bd8 {[%csl Gd8][%cal Rc7b6]} Qa7 87. Qc8+ Qb7 88. Qc3 {[%cal Rc3a3]} Qb8+ 89. Kd7 $2 (89. Ke7 $11 Qxe5 90. Qc8+ Ka7 91. Bc7 Qg7+ 92. Kd6 Qg3+ 93. Kd7 Qg7+ 94. Kd6 Qg3+ 95. Kd7 Qg7+ 96. Kd6) 89... Qa7+ $1 $19 90. Bc7 $2 (90. Kd6 {was called for.}) 90... Kb7 $2 ({Black should play} 90... f4 $19 91. Ke8 f3) 91. Bd6 $11 {Intending Qc8+ and mate.} Kb6+ 92. Bc7+ Kb7 93. Bd6 {Qc8+ would kill now.} Kb6+ 94. Ke8 {White wants to mate with Bc5+.} Qa8+ $1 (94... Ka6 95. Qa3+ Kb7 96. Qxa7+ Kxa7 97. Bc5+ Kb7 98. Bxd4 f4 99. Kd7) 95. Kf7 Nc6 {...Qc8 is the strong threat.} ({But not} 95... Qa7+ $2 96. Kf6 $18) 96. Qc5+ Ka6 97. Kxe6 d4 98. Kxf5 d3 {Hoping for ...d2.} 99. Qc3 Qc8+ 100. Ke4 Qg4+ 101. Kxd3 Qf3+ 102. Kd2 Qf2+ 103. Kc1 Qf1+ 104. Kb2 Qg2+ 105. Ka3 Qd5 106. Qh3 {Black must now prevent Qc8+.} Na7 107. Qe3 {And now e6 would win.} Nc6 108. Qh3 Na7 109. Kb2 Qd2+ 110. Kb3 Qd1+ 111. Kc3 Qa1+ (111... Qc1+ $11 112. Kb3 Qb1+ 113. Kc3 Qc1+ 114. Kb3 Qb1+ 115. Kc3 Qc1+) 112. Kd2 $16 Qb2+ (112... Qd4+ $16 113. Ke2 Qb2+ 114. Kf1 Qc1+ 115. Kg2 Qc4) 113. Ke1 $18 Qc1+ 114. Kf2 Qc2+ (114... Nc8 $16 {is a better defense.}) 115. Kg3 $1 Qb3+ {[#]} 116. Kh4 $1 Qc4+ $2 (116... Qf7 117. Kg5 Qg8+ 118. Kf6 Qd8+ 119. Be7 Qc7 120. Qe6+ Nc6) 117. Kg5 Qc1+ 118. Kg6 (118. Kf6 $142 Qd1 119. Qf5 Kb7 120. Qh7+ Ka6 121. Qe4 Qf1+ 122. Qf5 Qd1 123. Bc5 Qd8+ 124. Kg7 Qc7+ 125. Kf6) 118... Qg1+ 119. Kf6 Qf2+ 120. Qf5 Qh4+ 121. Kf7 Qc4+ 122. Qe6 (122. e6 $142 Nc6 123. Bc5) 122... Nc6 {[#]} 123. Kf6 $1 {Strongly threatening Qc8+.} Nd4 124. Qe8 {White mates.} ({Inferior is} 124. Qxc4 bxc4 125. Bf8 c3 $11) 124... Qf1+ 125. Ke7 Nf5+ 126. Kd7 Nxd6 127. exd6 Qf5+ 128. Kc7 {[%cal Re8a8]} Qh7+ 129. Qd7 {Precision: White = 62%, Black = 47%.} 1-0

[Event "World Junior U20 Open 2018"]
[Site "Gebze"]
[Date "2018.09.07"]
[Round "3.33"]
[White "Taalaibekov, Tagir"]
[Black "Tutisani, Noe"]
[Result "1/2-1/2"]
[WhiteElo "2291"]
[BlackElo "2471"]
[Annotator "TA"]
[PlyCount "83"]
[EventDate "2018.09.05"]
[EventType "swiss"]
[EventCountry "TUR"]
[SourceTitle "playchess.com"]
[Source "ChessBase"]
[SourceQuality "1"]

{[%evp 10,83,13,0,31,24,19,19,17,17,22,31,85,90,118,108,73,0,-1,-10,138,96,131,41,27,26,32,24,424,424,389,195,335,334,342,319,339,339,337,307,329,203,229,275,303,236,208,228,272,256,268,262,297,294,287,277,290,250,256,281,260,0,191,174,132,132,138,166,133,0,0,0,0,0,0,0]} 1. d4 Nf6 2. Nf3 g6 3. Bf4 Bg7 4. Nc3 d5 5. e3 O-O 6. h4 {LiveBook: 5 Games. D00: 1 d4 d5: Unusual lines} (6. Be2 c5 7. O-O cxd4 8. exd4 Bg4 9. h3 Bxf3 10. Bxf3 Nc6 11. Ne2 b5 12. c3 e6 13. a3 a5 14. Nc1 b4 15. a4 Ne4 16. Bxe4 dxe4 {½-½ (85) Carlsen,M (2837)-Ding,L (2774) Saint Louis 2017}) 6... Bg4 7. Be2 c5 8. Ne5 Bxe2 9. Qxe2 Nc6 $146 ({Predecessor:} 9... cxd4 10. exd4 Nbd7 11. g4 Rc8 12. O-O-O Nb6 13. h5 Rxc3 14. bxc3 Na4 {0-1 (46) Rous,F (2041)-Schnitzer,P (2185) Prague 2013}) 10. O-O-O Qa5 (10... e6 $14) 11. h5 $16 Rfc8 12. hxg6 hxg6 {next ...cxd4 is good for Black.} 13. Nxc6 (13. Kb1 $16) 13... Rxc6 $11 14. Be5 c4 (14... cxd4 $11 15. Bxd4 Rac8) 15. Qf3 $16 Rd8 16. g4 (16. a3 $1 $16) 16... b5 $1 $14 {[%cal Rb5b4]} 17. a3 $1 {[%cal Ba2a3,Ba3b4][%mdl 32]} (17. g5 b4 $17) 17... b4 18. axb4 Qa1+ $2 {[%mdl 8192]} (18... Qxb4 $11 {and Black stays safe.} 19. g5 Ne4 20. Bxg7 Nxg5) 19. Kd2 $18 Qxb2 20. Rb1 (20. g5 $142 Ne4+ 21. Nxe4 dxe4 22. Qf4 (22. Qxe4 Re6 $16)) 20... Qa3 (20... Ne4+ $142 21. Qxe4 (21. Nxe4 c3+ 22. Kd3 Qa2 $14) 21... Qxc3+ 22. Kxc3 dxe4) 21. g5 Ne4+ 22. Nxe4 c3+ 23. Ke1 Qa2 24. Rd1 dxe4 25. Qxe4 {Hoping for Bxg7.} Re6 26. f4 Qc4 27. Qf3 f6 28. f5 $1 {[%cal Rf5e6]} gxf5 29. Qxf5 Rxe5 30. Qh7+ ({Not} 30. dxe5 Rxd1+ 31. Kxd1 Qd5+ 32. Ke2 Qxh1 $17) 30... Kf8 31. dxe5 Rxd1+ 32. Kxd1 {[%mdl 4096] Endgame KQR-KQB} Qd5+ 33. Ke2 {Strongly threatening Rg1.} Qg2+ 34. Kd3 {Black must now prevent Qe4.} Qd5+ 35. Ke2 Qg2+ {[#]} 36. Ke1 $1 Qd2+ 37. Kf1 Qxe3 38. Qf5 e6 {[#]} 39. Qf2 ({Much worse is} 39. Qxe6 $6 Qc1+ 40. Kf2 Qxc2+ 41. Ke3 Qd2+ 42. Kf3 Qd3+ 43. Kf2 Qd2+ 44. Kf3 Qd3+ 45. Kf2 Qd2+ 46. Kf1 Qc1+ 47. Kg2 Qd2+ 48. Kf3 $11) (39. Qd3 $1 $16 {[%cal Rd3e3]} Qc1+ 40. Kg2 Qxg5+ 41. Kf3) 39... Qc1+ $11 {The position is equal.} 40. Qe1 Qf4+ 41. Qf2 Qc1+ 42. Qe1 {Precision: White = 56%, Black = 46%.} 1/2-1/2

[Event "World Junior U20 Open 2018"]
[Site "Gebze"]
[Date "2018.09.07"]
[Round "3.34"]
[White "Garidmagnai, Byambasuren"]
[Black "Barseghyan, Harutyun"]
[Result "1/2-1/2"]
[WhiteElo "2287"]
[BlackElo "2466"]
[Annotator "ChessBase"]
[PlyCount "128"]
[EventDate "2018.09.05"]
[EventType "swiss"]
[EventCountry "TUR"]
[SourceTitle "playchess.com"]
[Source "ChessBase"]
[SourceQuality "1"]
[TimeControl "40/5400+30:1800+30"]

1. d4 {[%emt 0:05:30]} Nf6 {[%emt 0:00:30]} 2. c4 {[%emt 0:00:30]} e6 {[%emt 0:00:30]} 3. Nf3 {[%emt 0:02:30]} c5 {[%emt 0:04:30]} 4. Nc3 {[%emt 0:06:30]} cxd4 {[%emt 0:02:30]} 5. Nxd4 {[%emt 0:00:30]} a6 {[%emt 0:00:30]} 6. a3 {[%emt 0:07:30]} b6 {[%emt 0:00:00]} 7. e4 {[%emt 0:00:30]} d6 {[%emt 0:00:00]} 8. Be2 {[%emt 0:00:30]} Bb7 {[%emt 0:00:30]} 9. f3 {[%emt 0:01:30]} Be7 {[%emt 0:00:30]} 10. O-O {[%emt 0:00:00]} O-O {[%emt 0:00:30]} 11. Be3 {[%emt 0:03:00]} Qc7 {[%emt 0:00:00]} 12. Rc1 {[%emt 0:00:30]} Nbd7 {[%emt 0:00:00]} 13. Qe1 {[%emt 0:01:30]} Rfc8 {[%emt 0:05:30]} 14. Qf2 {[%emt 0:02:30]} Qd8 {[%emt 0:02:30]} 15. Nb3 {[%emt 0:03:30]} Rab8 {[%emt 0:04:30]} 16. Rfd1 {[%emt 0:00:30]} Ba8 {[%emt 0:00:30]} 17. Kh1 {[%emt 0:04:30]} Ne5 {[%emt 0:02:30]} 18. Nd2 {[%emt 0:02:30]} Nfd7 {[%emt 0:01:30]} 19. b4 {[%emt 0:02:30]} Qf8 {[%emt 0:04:30]} 20. Na4 {[%emt 0:03:30]} b5 {[%emt 0:06:30]} 21. cxb5 {[%emt 0:01:30]} axb5 {[%emt 0:00:30]} 22. Nc3 {[%emt 0:00:30]} Nc4 {[%emt 0:07:30]} 23. Nxb5 {[%emt 0:08:30]} Nxe3 {[%emt 0:00:30]} 24. Qxe3 {[%emt 0:00:00]} Qd8 {[%emt 0:07:30]} 25. Nb3 {[%emt 0:02:00]} Rxc1 {[%emt 0:11:30]} 26. Qxc1 {[%emt 0:05:30]} d5 {[%emt 0:11:30]} 27. Qc7 {[%emt 0:03:30]} Qe8 {[%emt 0:02:30]} 28. Nd6 {[%emt 0:04:30]} Qd8 {[%emt 0:01:30]} 29. Nb5 {[%emt 0:01:30]} Qe8 {[%emt 0:00:00]} 30. exd5 {[%emt 0:00:30]} Bxd5 {[%emt 0:01:00]} 31. N3d4 {[%emt 0:00:30]} Rc8 {[%emt 0:03:33]} 32. Qg3 {[%emt 0:00:30]} Qf8 {[%emt 0:00:27]} 33. Nf5 {[%emt 0:00:30]} exf5 {[%emt 0:03:59]} 34. Rxd5 {[%emt 0:00:30]} Nf6 {[%emt 0:00:39]} 35. Rd1 {[%emt 0:00:30]} g6 {[%emt 0:00:18]} 36. Qe5 {[%emt 0:01:30]} Nh5 {[%emt 0:00:36]} 37. f4 {[%emt 0:02:30]} Bf6 {[%emt 0:04:24]} 38. Qe3 {[%emt 0:01:30]} Re8 {[%emt 0:01:20]} 39. Qf2 {[%emt 0:01:30]} Nxf4 {[%emt 0:01:34]} 40. Bc4 {[%emt 0:00:00]} Ne6 {[%emt 0:00:00]} 41. Bxe6 {[%emt 0:10:00]} Rxe6 {[%emt 0:08:40]} 42. Nc7 {[%emt 0:02:30]} Re4 {[%emt 0:01:30]} 43. Nd5 {[%emt 0:01:30]} Be5 {[%emt 0:00:30]} 44. a4 {[%emt 0:01:30]} Qh6 {[%emt 0:00:30]} 45. g3 {[%emt 0:03:30]} Qh5 {[%emt 0:08:30]} 46. Rd2 {[%emt 0:00:30]} Qg4 {[%emt 0:06:08]} 47. Kg2 {[%emt 0:04:30]} h5 {[%emt 0:06:38]} 48. Qf3 {[%emt 0:07:30]} Qg5 {[%emt 0:00:10]} 49. Re2 {[%emt 0:08:46]} h4 {[%emt 0:00:06]} 50. Rxe4 {[%emt 0:00:58]} fxe4 {[%emt 0:00:05]} 51. Qxe4 {[%emt 0:00:20]} hxg3 {[%emt 0:03:33]} 52. hxg3 {[%emt 0:00:08]} Qxg3+ {[%emt 0:00:24]} 53. Kf1 {[%emt 0:00:06]} f5 {[%emt 0:03:19]} 54. Qe3 {[%emt 0:03:27]} Qh2 {[%emt 0:00:17]} 55. Qf3 {[%emt 0:01:28]} Qa2 {[%emt 0:02:14]} 56. a5 {[%emt 0:00:15]} Kg7 {[%emt 0:00:38]} 57. Qd3 {[%emt 0:00:41]} Qa1+ {[%emt 0:01:13]} 58. Ke2 {[%emt 0:00:39]} Qa2+ {[%emt 0:01:07]} 59. Ke3 {[%emt 0:06:27]} Qa1 {[%emt 0:00:04]} 60. Qd2 {[%emt 0:02:20]} g5 {[%emt 0:00:59]} 61. Ke2 {[%emt 0:01:36]} f4 {[%emt 0:01:21]} 62. Kf3 {[%emt 0:00:43]} Qh1+ {[%emt 0:00:39]} 63. Kg4 {[%emt 0:00:09]} Qe4 {[%emt 0:00:45]} 64. Nc3 {[%emt 0:03:15]} Kg6 {[%emt 0:03:47]} 1/2-1/2